| 000 | 00700cab a2200241 4500 | ||
|---|---|---|---|
| 001 | ABS43755 | ||
| 008 | 090401t1990 xxu||||| |||| 00| 0 eng d | ||
| 035 | _a(Sirsi) u43356 | ||
| 041 | _aeng | ||
| 100 | _aBurch, S. | ||
| 245 | _aConstruction management: balancing the risks | ||
| 260 | _c1990 | ||
| 350 | _a0 | ||
| 490 |
_aEstates Gazette _v(9047) 24 November 1990, 52-53(2) |
||
| 520 | _aDiscusses the concept of construction management , highlighting the role of the construction manager and client . | ||
| 650 | _aDESIGN | ||
| 650 |
_aInsurance _96249 |
||
| 650 |
_aProject management _96261 |
||
| 650 | _aRISKS | ||
| 690 | _aBUILT ENVIRONMENT | ||
| 942 | _n0 | ||
| 948 | _c04/03/1997 | ||
| 999 |
_c27693 _d27693 |
||